El bastardo / (Registro nro. 14000)

Detalles MARC
000 -LEADER
fixed length control field 00856nam a2200265 a 4500
001 - CONTROL NUMBER
control field 000004055
003 - CONTROL NUMBER IDENTIFIER
control field DO-SdBNP
005 - DATE AND TIME OF LATEST TRANSACTION
control field 20220203075622.0
008 - FIXED-LENGTH DATA ELEMENTS--GENERAL INFORMATION
fixed length control field 090716s2007 dr r 001 0 spa d
020 ## - INTERNATIONAL STANDARD BOOK NUMBER
International Standard Book Number 9789945161632
040 ## - CATALOGING SOURCE
Original cataloging agency DO-SdBNP
Language of cataloging spa
Transcribing agency BPMSU
082 ## - DEWEY DECIMAL CLASSIFICATION NUMBER
Classification number RD863.44
Item number P349b 2007
Edition number 22
100 1# - MAIN ENTRY--PERSONAL NAME
Personal name Peña, Caonabo
245 13 - TITLE STATEMENT
Title El bastardo /
Statement of responsibility, etc. Caonabo Peña ; edición Basilio Belliard.
260 ## - PUBLICATION, DISTRIBUTION, ETC. (IMPRINT)
Name of publisher, distributor, etc. Secretaría de Estado de Cultura,
Place of publication, distribution, etc. Santo Domingo :
Date of publication, distribution, etc. 2007.
300 ## - PHYSICAL DESCRIPTION
Extent 187 p. ;
Dimensions 23 cm.
500 ## - GENERAL NOTE
General note Incluye datos biográficos del autor en la solapa de la cubierta
590 ## - LOCAL NOTE (RLIN)
Local note Inventariado, 2022/VM
650 #4 - SUBJECT ADDED ENTRY--TOPICAL TERM
Topical term or geographic name as entry element Novela dominicana
651 #4 - SUBJECT ADDED ENTRY--GEOGRAPHIC NAME
Geographic name Literatura Dominicana
700 1# - ADDED ENTRY--PERSONAL NAME
Personal name Belliard, Basilio,
Relator term ed.
710 2# - ADDED ENTRY--CORPORATE NAME
Corporate name or jurisdiction name as entry element Secretaría de Estado de Cultura (República Dominicana)
910 ## - USER-OPTION DATA (OCLC)
User-option data VMateo V.
942 ## - ADDED ENTRY ELEMENTS (KOHA)
Source of classification or shelving scheme Dewey Decimal Classification
Koha item type Libros
Existencias
Withdrawn status Lost status Source of classification or shelving scheme Damaged status Not for loan Collection code Home library Current library Date acquired Total Checkouts Full call number Barcode Date last seen Price effective from Koha item type
    Dewey Decimal Classification     Colección Dominicana Biblioteca Pública Metropolitana Salomé Ureña Biblioteca Pública Metropolitana Salomé Ureña 02/03/2022   BPMSU CD RD863.44 P349b 2007 BPMSU22020010 02/03/2022 02/03/2022 Libros